| 000 | 01528nac a2200277 a 4500 | ||
|---|---|---|---|
| 003 | CO-PeBPM | ||
| 005 | 20250610214433.0 | ||
| 007 | ta | ||
| 008 | 250610s2014 ck a|||| |||| 00| 0 spa d | ||
| 020 | _aISBN: 9788427208278 | ||
| 040 |
_aCO-PeBPM _bspa _cCO-PeBPM _erda |
||
| 041 | _aspa | ||
| 082 | 0 | 4 |
_a813 Y21m _222 |
| 100 | 1 | 0 |
_aYancey, Rick _eautor |
| 245 | 1 | 0 |
_aEl mar infinito _c/ Rick Yancey; traducción de Pilar Ramírez Tello |
| 250 | _aCuarta edición | ||
| 260 |
_aBarcelona, España _b RBA Molino _c, 2015 |
||
| 300 |
_a314 páginas _bilustraciones en blanco y negro _c22 centímetros |
||
| 520 | _aLa primera ola fue solo un aviso. La segunda ola nos cogió desprevenidos. La tercera ola duró un poco más nos dejó sin razones por las que seguir vivos. La cuarta ola nos quitó todo aquello por lo que estábamos dispuestos a morir. La quinta ola nos ha sumido en un mar de nada infinito. Los Otros se han propuesto exterminar a la humanidad. La cuestión ya no es si vivimos o morimos, sino de sobrevivir una hora, un día más. Pero seguimos aquí. Esta guerra ya no es de humanos contra alienígenas. Es la lucha de la esperanza contra la desolación. De la fe contra el miedo. Del amor contra el odio. Y nosotros somos el campo de batalla. | ||
| 650 | 1 | 4 |
_aLiteratura juvenil estadounidense _2LEMB |
| 650 | 1 | 4 |
_aNovelas de ciencia ficción _2LEMB |
| 650 | 1 | 4 |
_aNovelas juveniles estadounidenses _2LEMB |
| 700 | 1 | 4 |
_aRamírez Tello, Pilar _etraducción |
| 765 | _aThe Infinite Sea | ||
| 942 |
_2ddc _cLIT _n0 |
||
| 999 |
_c60919 _d60919 |
||